[Event "Lindores Abbey Tal Blitz 2021"]
[Site "Riga"]
[Date "2021.11.08"]
[Round "15.40"]
[White "Dzagnidze, Nana"]
[Black "Sadhwani, Raunak"]
[Result "0-1"]
[WhiteElo "2524"]
[BlackElo "2609"]
[Annotator "TA"]
[PlyCount "92"]
[EventDate "2021.11.02"]
[EventType "swiss"]
[EventCountry "LAT"]
[SourceTitle "playchess.com"]
[Source "ChessBase"]
[SourceQuality "1"]

1. d4 Nf6 2. c4 Nc6 3. Nf3 e6 4. Nc3 Bb4 5. Bd2 a5 6. e3 d6 7. Bd3 e5 8. Qc2
Bxc3 9. Bxc3 Qe7 10. Be2 Bg4 11. O-O O-O 12. dxe5 dxe5 13. b3 Rfe8 14. Rfd1 Bh5
15. Qb2 Ne4 16. Be1 Bg6 17. a3 f6 18. b4 Bf7 19. c5 axb4 20. axb4 g5 21. Bd3 f5
22. Qc2 Nxf2 23. Qxf2 e4 24. Bxe4 Rxa1 25. Rxa1 fxe4 26. Nd4 Nxd4 27. exd4 e3
28. Qf5 e2 29. Bf2 c6 30. Re1 Bg6 31. Qg4 h5 32. Qf3 h4 33. d5 cxd5 34. Qxd5+
Kh7 35. Qf3 Qd7 36. h3 Re4 37. Be3 g4 38. hxg4 Rxg4 39. Rxe2 Be4 40. Qf1 h3 41.
Rf2 Bd5 42. Kh2 hxg2 43. Qb1+ Kg8 44. Rf4 g1=Q+ 45. Bxg1 Rg2+ 46. Kh1 Qh3+ 0-1

[Event "Lindores Abbey Tal Blitz 2021"]
[Site "Riga"]
[Date "2021.11.08"]
[Round "15.41"]
[White "Ernst, Sipke"]
[Black "Budisavljevic, Luka"]
[Result "1-0"]
[WhiteElo "2532"]
[BlackElo "2511"]
[Annotator "ChessBase"]
[PlyCount "59"]
[EventDate "2021.11.02"]
[EventType "swiss"]
[EventCountry "LAT"]
[SourceTitle "playchess.com"]
[Source "ChessBase"]
[SourceQuality "1"]

1. d4 Nf6 2. c4 a6 3. Nf3 e6 4. Nc3 c5 5. e3 d5 6. a3 dxc4 7. Bxc4 b5 8. Ba2
Bb7 9. O-O Nbd7 10. Qe2 Qc7 11. Bd2 Rc8 12. Rac1 Qb8 13. Rfd1 Bd6 14. h3 O-O
15. Be1 Rfd8 16. dxc5 Nxc5 17. Nd4 Qa8 18. b4 Nce4 19. Nxe6 fxe6 20. Bxe6+ Kh8
21. Bxc8 Rxc8 22. Nxe4 Rxc1 23. Rxc1 Nxe4 24. f3 Ng3 25. Qd3 Qb8 26. Rd1 Qe8
27. Bxg3 Bxg3 28. Qd8 Bc6 29. Qxe8+ Bxe8 30. Rd8 1-0

[Event "Lindores Abbey Tal Blitz 2021"]
[Site "Riga"]
[Date "2021.11.08"]
[Round "15.42"]
[White "Tregubov, Pavel V."]
[Black "Munguntuul, Batkhuyag"]
[Result "1-0"]
[WhiteElo "2537"]
[BlackElo "2433"]
[Annotator "ChessBase"]
[PlyCount "116"]
[EventDate "2021.11.02"]
[EventType "swiss"]
[EventCountry "LAT"]
[SourceTitle "playchess.com"]
[Source "ChessBase"]
[SourceQuality "1"]

1. e4 c5 2. c3 Nf6 3. e5 Nd5 4. d4 cxd4 5. cxd4 e6 6. Nf3 d6 7. Bc4 Nc6 8. O-O
Be7 9. Qe2 O-O 10. Rd1 Nb6 11. Bb3 Nd5 12. Bd2 b6 13. Nc3 Nxc3 14. Bxc3 dxe5
15. d5 Nd4 16. Nxd4 exd4 17. dxe6 Bxe6 18. Bxe6 fxe6 19. Qxe6+ Kh8 20. Rxd4 Qe8
21. Rd7 Bf6 22. Qxe8 Raxe8 23. Bxf6 Rxf6 24. Rxa7 h6 25. Kf1 Rc8 26. Re7 Rc2
27. Re2 Rfc6 28. Rd1 Kh7 29. Ke1 R2c5 30. f3 Rh5 31. h3 Ra5 32. a3 Rg5 33. Kf2
Rcg6 34. g4 Rf6 35. Kg3 h5 36. Rd7 hxg4 37. hxg4 Rb5 38. b4 Rg5 39. Rde7 Rgg6
40. R2e5 Rc6 41. Re8 Rh6 42. R8e7 Rc3 43. Rg5 Rf6 44. Rf5 Rxf5 45. gxf5 Rxa3
46. f6 Kg8 47. Rxg7+ Kf8 48. Rb7 Ra6 49. b5 Ra4 50. Rxb6 Kf7 51. f4 Rc4 52. Kg4
Rc5 53. Kf3 Rc4 54. Ke3 Rb4 55. Kd3 Rxf4 56. Kc3 Rf1 57. Rd6 Rc1+ 58. Kb4 Ke8
1-0

[Event "Lindores Abbey Tal Blitz 2021"]
[Site "Riga"]
[Date "2021.11.08"]
[Round "15.43"]
[White "Harika, Dronavalli"]
[Black "Saduakassova, Dinara"]
[Result "1-0"]
[WhiteElo "2511"]
[BlackElo "2491"]
[Annotator "ChessBase"]
[PlyCount "121"]
[EventDate "2021.11.02"]
[EventType "swiss"]
[EventCountry "LAT"]
[SourceTitle "playchess.com"]
[Source "ChessBase"]
[SourceQuality "1"]

1. Nf3 Nf6 2. d4 e6 3. c4 b6 4. g3 Ba6 5. b3 Bb4+ 6. Bd2 Be7 7. Bg2 d5 8. Qc2
O-O 9. O-O c5 10. Rd1 Nc6 11. dxc5 bxc5 12. Bf4 Qb6 13. Ne5 Nd4 14. Qb2 Rad8
15. e3 Nf5 16. Nc3 dxc4 17. Rxd8 Bxd8 18. Na4 Qb4 19. Nc6 Qb5 20. Be5 cxb3 21.
axb3 Bb7 22. Nxd8 Bxg2 23. Kxg2 Rxd8 24. Bxf6 gxf6 25. Qxf6 Rd2 26. Nc3 Qb7+
27. Kg1 h6 28. e4 Nd4 29. Qxh6 Nxb3 30. Rb1 Rd3 31. Qg5+ Kf8 32. Na4 Qb4 33.
Qh6+ Ke7 34. Qg5+ Kf8 35. Qh6+ Ke7 36. Nb2 Rd4 37. Qg5+ Kf8 38. Qh6+ Ke7 39. e5
Nd2 40. Qg5+ Kf8 41. Qh6+ Ke7 42. Qf6+ Ke8 43. Qh8+ Kd7 44. Ra1 a5 45. Na4 Nb3
46. Rb1 Qxa4 47. Qb8 Qb4 48. Qa7+ Kc6 49. Qa8+ Kb5 50. Qe8+ Kc4 51. Qxf7 a4 52.
Qxe6+ Kb5 53. Qe8+ Ka5 54. Qa8+ Kb5 55. e6 c4 56. Qb7+ Ka5 57. Qa7+ Kb5 58. e7
Re4 59. Qb8+ Ka5 60. Qa8+ Kb5 61. Qxe4 1-0

[Event "Lindores Abbey Tal Blitz 2021"]
[Site "Riga"]
[Date "2021.11.08"]
[Round "15.44"]
[White "Padmini, Rout"]
[Black "Chigaev, Maksim"]
[Result "0-1"]
[WhiteElo "2353"]
[BlackElo "2626"]
[Annotator "TA"]
[PlyCount "65"]
[EventDate "2021.11.02"]
[EventType "swiss"]
[EventCountry "LAT"]
[SourceTitle "playchess.com"]
[Source "ChessBase"]
[SourceQuality "1"]

1. Nf3 Nf6 2. g3 g6 3. Bg2 Bg7 4. O-O O-O 5. d4 d6 6. b3 e5 7. dxe5 dxe5 8. Ba3
e4 9. Bxf8 Qxf8 10. Nd4 e3 11. f4 Nc6 12. c3 Bg4 13. Nf3 Rd8 14. Qc1 Bf5 15.
Na3 Ne4 16. Nc4 Bxc3 17. Qxe3 Bb4 18. Qc1 Qc5+ 19. e3 Nc3 20. Kh1 Bd3 21. Nfe5
Nxe5 22. Nxe5 Bxf1 23. Qxf1 Ba3 24. Nc4 b5 25. Nxa3 Qxa3 26. e4 Rd2 27. e5 Qb2
28. Re1 Rf2 29. Qd3 Rd2 30. Qf3 Qxa2 31. f5 gxf5 32. Qxf5 Qc2 33. Qg5+ 0-1

[Event "Lindores Abbey Tal Blitz 2021"]
[Site "Riga"]
[Date "2021.11.08"]
[Round "15.45"]
[White "Sjugirov, Sanan"]
[Black "Muzychuk, Mariya"]
[Result "1-0"]
[WhiteElo "2663"]
[BlackElo "2536"]
[Annotator "TA"]
[PlyCount "155"]
[EventDate "2021.11.02"]
[EventType "swiss"]
[EventCountry "LAT"]
[SourceTitle "playchess.com"]
[Source "ChessBase"]
[SourceQuality "1"]

1. e4 c5 2. Nf3 Nc6 3. Bb5 g6 4. Bxc6 dxc6 5. d3 Bg7 6. h3 Nf6 7. a4 O-O 8. O-O
Nd7 9. a5 e5 10. Nbd2 Qe7 11. Nc4 Rb8 12. Be3 h6 13. Re1 Kh7 14. Qd2 Rd8 15.
Qc3 f6 16. Qa3 b5 17. axb6 axb6 18. Qc3 Nf8 19. Ra2 Ne6 20. Rea1 Nd4 21. Bxd4
cxd4 22. Qe1 Be6 23. b3 Bxc4 24. bxc4 Rb7 25. Ra6 Bf8 26. Nd2 Rdb8 27. Qd1 Qc7
28. Qg4 Qd7 29. Qf3 Kg7 30. Nf1 Bb4 31. Ng3 Bc3 32. R1a2 b5 33. cxb5 Rxb5 34.
Kh2 h5 35. Ne2 Bb4 36. g4 hxg4 37. Qxg4 Qxg4 38. hxg4 R5b6 39. Ra7+ R6b7 40.
Rxb7+ Rxb7 41. Ra6 c5 42. f4 Bd2 43. fxe5 fxe5 44. Rc6 Rb5 45. Kg2 Kf7 46. Ng1
Bb4 47. Nf3 Ra5 48. Nxe5+ Kg8 49. Rxg6+ Kh7 50. Rf6 Ra2 51. Rf2 Kg7 52. g5 Be1
53. Re2 Bh4 54. Nf3 c4 55. Rd2 cxd3 56. cxd3 Rxd2+ 57. Nxd2 Bxg5 58. Nb3 Be3
59. Kf3 Kf6 60. Na5 Ke6 61. Nc4 Bg1 62. Kg4 Bf2 63. Kf4 Be1 64. e5 Bb4 65. Ke4
Bc5 66. Nd2 Bb6 67. Nf3 Bc7 68. Nxd4+ Kd7 69. Kd5 Bb6 70. Nf5 Bf2 71. e6+ Ke8
72. Ke5 Be1 73. d4 Bc3 74. Ke4 Bb2 75. d5 Bc3 76. d6 Bb2 77. Kd5 Kd8 78. Kc6
1-0

[Event "Lindores Abbey Tal Blitz 2021"]
[Site "Riga"]
[Date "2021.11.08"]
[Round "15.46"]
[White "Kosteniuk, Alexandra"]
[Black "Shuvalova, Polina"]
[Result "1-0"]
[WhiteElo "2518"]
[BlackElo "2515"]
[Annotator "ChessBase"]
[PlyCount "91"]
[EventDate "2021.11.02"]
[EventType "swiss"]
[EventCountry "LAT"]
[SourceTitle "playchess.com"]
[Source "ChessBase"]
[SourceQuality "1"]

1. e4 c6 2. Nc3 d5 3. Nf3 g6 4. d4 Bg7 5. h3 dxe4 6. Nxe4 Bf5 7. Ng3 Be6 8. Be2
Nf6 9. O-O O-O 10. c4 a6 11. Be3 b5 12. b3 h6 13. Qc1 Kh7 14. Rd1 Nbd7 15. a4
bxc4 16. bxc4 Qa5 17. Bd2 Qc7 18. a5 Ne8 19. Bf4 Qc8 20. Qc2 f5 21. h4 Nef6 22.
Ne5 h5 23. Nf3 Kg8 24. Ng5 Bf7 25. Bf3 Kh8 26. Re1 Bg8 27. Re5 e6 28. Rxe6 Qd8
29. Ree1 Rc8 30. Qd2 c5 31. d5 Ng4 32. Bxg4 fxg4 33. Rab1 Qf6 34. Be3 Ne5 35.
Qc2 Nd7 36. N5e4 Qe5 37. Bd2 Qc7 38. Bc3 Ne5 39. Rb6 Rce8 40. d6 Qf7 41. Bxe5
Rxe5 42. Rd1 Qxc4 43. Qxc4 Bxc4 44. d7 Rd8 45. Rc6 Rxe4 46. Nxe4 1-0

[Event "Lindores Abbey Tal Blitz 2021"]
[Site "Riga"]
[Date "2021.11.08"]
[Round "15.47"]
[White "Girya, Olga"]
[Black "Donchenko, Alexander"]
[Result "0-1"]
[WhiteElo "2402"]
[BlackElo "2645"]
[Annotator "TA"]
[PlyCount "64"]
[EventDate "2021.11.02"]
[EventType "swiss"]
[EventCountry "LAT"]
[SourceTitle "playchess.com"]
[Source "ChessBase"]
[SourceQuality "1"]

1. d4 Nf6 2. c4 e6 3. Nf3 c5 4. d5 d6 5. Nc3 exd5 6. cxd5 g6 7. h3 a6 8. a4 Qe7
9. Ra3 Bg7 10. e4 O-O 11. Bd3 Nbd7 12. O-O c4 13. Bc2 Nc5 14. Re1 Re8 15. e5
dxe5 16. Rxe5 Qd8 17. Rxe8+ Nxe8 18. Be3 Nd3 19. Bxd3 cxd3 20. Qxd3 Bf5 21. Qd2
Nd6 22. Qe2 Qe7 23. Bd4 Qxe2 24. Nxe2 Bf8 25. Rc3 b5 26. axb5 Nxb5 27. Rc6 Be4
28. Be5 Bxd5 29. Rc1 Bxf3 30. gxf3 Re8 31. f4 f6 32. Bxf6 Rxe2 0-1

[Event "Lindores Abbey Tal Blitz 2021"]
[Site "Riga"]
[Date "2021.11.08"]
[Round "15.48"]
[White "Socko, Monika"]
[Black "Cori T., Deysi"]
[Result "1-0"]
[WhiteElo "2393"]
[BlackElo "2396"]
[Annotator "NA"]
[PlyCount "53"]
[EventDate "2021.11.02"]
[EventType "swiss"]
[EventCountry "LAT"]
[SourceTitle "playchess.com"]
[Source "ChessBase"]
[SourceQuality "1"]

1. d4 d6 2. e4 Nf6 3. Nc3 g6 4. h3 c6 5. a4 Nbd7 6. Nf3 Qc7 7. Be2 Bg7 8. O-O
O-O 9. Be3 Rb8 10. Qd2 Rd8 11. Rfe1 b6 12. Bd3 Bb7 13. Bh6 Bh8 14. e5 dxe5 15.
dxe5 Ne8 16. e6 fxe6 17. Rxe6 Nc5 18. Ree1 Nxd3 19. cxd3 Qd7 20. Rad1 c5 21.
Qe3 Bf6 22. Ne5 Qf5 23. Ng4 Rd7 24. Bf4 Rbd8 25. Nh6+ Kg7 26. Nxf5+ gxf5 27.
Be5 1-0

[Event "Lindores Abbey Tal Blitz 2021"]
[Site "Riga"]
[Date "2021.11.08"]
[Round "15.49"]
[White "Neiksans, Arturs"]
[Black "Maltsevskaya, Aleksandra"]
[Result "0-1"]
[WhiteElo "2575"]
[BlackElo "2411"]
[Annotator "TA"]
[PlyCount "212"]
[EventDate "2021.11.02"]
[EventType "swiss"]
[EventCountry "LAT"]
[SourceTitle "playchess.com"]
[Source "ChessBase"]
[SourceQuality "1"]

1. b3 e5 2. Bb2 d6 3. d4 exd4 4. Qxd4 Nc6 5. Qd2 Nf6 6. Nc3 g6 7. e4 Bg7 8. f3
O-O 9. O-O-O a5 10. a4 Be6 11. h4 Nd7 12. Nge2 Nc5 13. Nd5 Bxd5 14. Qxd5 Nb4
15. Qd2 Nbd3+ 16. Qxd3 Nxd3+ 17. Rxd3 Bxb2+ 18. Kxb2 b5 19. axb5 a4 20. b4 Qf6+
21. Nd4 Rfd8 22. c4 Rdb8 23. Ka3 Rb6 24. Be2 Qe5 25. Rd2 c5 26. bxc6 Rxb4 27.
Ka2 a3 28. Rhd1 Qa5 29. Bf1 Rb2+ 30. Rxb2 axb2+ 31. Kxb2 Qa2+ 32. Kc1 Rb8 33.
Nc2 Rb1+ 34. Kd2 Qa5+ 35. Ke2 Rb2 36. Rd2 Qc5 37. Ne3 Rxd2+ 38. Kxd2 Qxc6 39.
g3 Qa6 40. Bd3 Qa2+ 41. Bc2 Qa5+ 42. Kd3 Qe5 43. f4 Qa1 44. Ke2 Qg1 45. Kf3 h5
46. Bd3 Qc1 47. Be2 Qd2 48. Nd5 Qe1 49. Ne3 Qh1+ 50. Ng2 Kg7 51. Kf2 Qb1 52.
Kf3 Qb7 53. Ke3 f5 54. Bd3 Qb6+ 55. Ke2 Qb2+ 56. Kf3 Qc3 57. Ke3 Qc1+ 58. Kf3
Qd1+ 59. Ke3 Qg1+ 60. Kf3 Qa1 61. Ne3 fxe4+ 62. Bxe4 Qd4 63. Bd5 Qd3 64. Kf2
Qd2+ 65. Kf3 Kf6 66. Ng2 Qd1+ 67. Kf2 Qc2+ 68. Kf3 Qb2 69. Ne3 Ke7 70. Be4 Kf7
71. Bd5+ Kg7 72. Be4 Qa1 73. Bd5 Qh1+ 74. Kf2 Qc1 75. Kf3 Kf8 76. Kf2 Ke7 77.
Be4 Kf6 78. Bd5 Qd2+ 79. Kf3 Qd4 80. Ke2 Ke7 81. Kf3 Kd7 82. Be4 Qf6 83. Nd5
Qg7 84. Ne3 Kc7 85. f5 gxf5 86. Bxf5 Kc6 87. Be4+ Kc5 88. Bd5 Qf6+ 89. Ke2 Kd4
90. Ng2 Qe5+ 91. Kf2 Qf5+ 92. Nf4 Qg4 93. Be6 Qg7 94. Bd5 Qe5 95. Ne2+ Kd3 96.
Nf4+ Kd2 97. Kf3 Qe3+ 98. Kg2 Ke1 99. Nh3 Qe2+ 100. Kg1 Qd2 101. Kh1 Kf1 102.
Nf4 Qe3 103. Bg2+ Kf2 104. Nh3+ Kxg3 105. Ng1 Qe1 106. Bf3 Kf2 0-1

[Event "Lindores Abbey Tal Blitz 2021"]
[Site "Riga"]
[Date "2021.11.08"]
[Round "15.50"]
[White "Firat, Burak"]
[Black "Divya Deshmukh"]
[Result "0-1"]
[WhiteElo "2480"]
[BlackElo "2310"]
[Annotator "TA"]
[PlyCount "98"]
[EventDate "2021.11.02"]
[EventType "swiss"]
[EventCountry "LAT"]
[SourceTitle "playchess.com"]
[Source "ChessBase"]
[SourceQuality "1"]

1. d4 Nf6 2. c4 e6 3. Nf3 d5 4. Nc3 Bb4 5. Qa4+ Nc6 6. g3 O-O 7. Bg2 dxc4 8.
O-O Bd7 9. Qc2 Qe7 10. Rd1 a6 11. e4 e5 12. dxe5 Nxe5 13. Nxe5 Qxe5 14. Bf4 Qh5
15. e5 Bf5 16. Qa4 Bxc3 17. bxc3 b5 18. Qa5 Ne4 19. f3 Ng5 20. g4 Bxg4 21. fxg4
Qxg4 22. Bxg5 Qxg5 23. Re1 Rad8 24. Re2 Rd2 25. Rxd2 Qxd2 26. Qxc7 Qxc3 27. Rf1
Qe3+ 28. Kh1 Qd4 29. Qe7 Qd8 30. Qc5 Qe8 31. Bd5 g6 32. e6 fxe6 33. Bxe6+ Kg7
34. Qe5+ Kh6 35. Rd1 Qa8+ 36. Bd5 Qe8 37. Qxe8 Rxe8 38. Bb7 Re6 39. Rc1 Rb6 40.
Bc8 Rc6 41. Bb7 Rb6 42. Bc8 Rd6 43. a4 Kg5 44. Kg2 Kf4 45. Rf1+ Ke3 46. a5 c3
47. Rf3+ Kd2 48. Rf2+ Kc1 49. Kf3 c2 0-1

[Event "Lindores Abbey Tal Blitz 2021"]
[Site "Riga"]
[Date "2021.11.08"]
[Round "15.51"]
[White "Miezis, Normunds"]
[Black "Badelka, Olga"]
[Result "1-0"]
[WhiteElo "2446"]
[BlackElo "2438"]
[Annotator "NA"]
[PlyCount "71"]
[EventDate "2021.11.02"]
[EventType "swiss"]
[EventCountry "LAT"]
[SourceTitle "playchess.com"]
[Source "ChessBase"]
[SourceQuality "1"]

1. c4 e6 2. e4 c5 3. Nc3 d6 4. g3 Nc6 5. Bg2 g6 6. d3 Bg7 7. Nge2 Nge7 8. h4 h5
9. Bg5 Nd4 10. O-O O-O 11. Qd2 Qc7 12. Nxd4 cxd4 13. Nb5 Qd7 14. Qb4 Be5 15.
Bxe7 Qxe7 16. f4 a5 17. Qa3 Bg7 18. e5 Rd8 19. Nxd6 Qc7 20. c5 Rb8 21. Rac1 Bd7
22. b4 axb4 23. Qxb4 Bc6 24. Qb6 Qd7 25. Rb1 Bxg2 26. Kxg2 f6 27. Nxb7 Qd5+ 28.
Kg1 fxe5 29. c6 Rdc8 30. c7 Ra8 31. Rb2 exf4 32. Nd6 fxg3 33. Nxc8 Rxc8 34. Qb8
Bh6 35. Qxc8+ Kh7 36. Rf7+ 1-0

[Event "Lindores Abbey Tal Blitz 2021"]
[Site "Riga"]
[Date "2021.11.08"]
[Round "15.52"]
[White "Sukandar, Irine Kharisma"]
[Black "Garifullina, Leya"]
[Result "1-0"]
[WhiteElo "2406"]
[BlackElo "2416"]
[Annotator "NA RC"]
[PlyCount "110"]
[EventDate "2021.11.02"]
[EventType "swiss"]
[EventCountry "LAT"]
[SourceTitle "playchess.com"]
[Source "ChessBase"]
[SourceQuality "1"]

1. Nf3 d5 2. g3 Nf6 3. Bg2 e6 4. b3 Be7 5. Bb2 O-O 6. O-O c5 7. d4 cxd4 8. Nxd4
Nc6 9. Nd2 Nxd4 10. Bxd4 Bd6 11. Nf3 Re8 12. Be5 Bxe5 13. Nxe5 Nd7 14. Nf3 Qc7
15. Rc1 Nb6 16. Nd2 Bd7 17. c4 dxc4 18. Nxc4 Nxc4 19. Rxc4 Bc6 20. Bxc6 bxc6
21. Qc2 g6 22. Rxc6 Qe5 23. Rc7 a5 24. Rd1 a4 25. Rdd7 axb3 26. axb3 Rf8 27.
Kg2 h5 28. h4 Rab8 29. Qc4 Qb5 30. Qf4 e5 31. Qf6 Qxb3 32. Qxe5 Rbe8 33. Qf6
Qe6 34. Qg5 Rc8 35. Re7 Qd6 36. Rxf7 Rxc7 37. Rxc7 Qxc7 38. Qxg6+ Qg7 39. Qxh5
Qf6 40. Qg4+ Kh7 41. Qh5+ Kg7 42. Qg4+ Kh8 43. Qh5+ Kg7 44. Qg4+ Qg6 45. Qd4+
Kh7 46. Qd7+ Rf7 47. Qd5 Qf5 48. Qd4 Rd7 49. Qe3 Qf6 50. Qe4+ Qg6 51. Qf4 Re7
52. Qc4 Re4 53. Qc7+ Kh6 54. Qc1+ Kh7 55. Qc7+ Kg8 1-0

[Event "Lindores Abbey Tal Blitz 2021"]
[Site "Riga"]
[Date "2021.11.08"]
[Round "15.53"]
[White "Lujan, Carolina"]
[Black "Arakhamia-Grant, Ketevan"]
[Result "1-0"]
[WhiteElo "2340"]
[BlackElo "2362"]
[Annotator "TA"]
[PlyCount "60"]
[EventDate "2021.11.02"]
[EventType "swiss"]
[EventCountry "LAT"]
[SourceTitle "playchess.com"]
[Source "ChessBase"]
[SourceQuality "1"]

1. e4 c5 2. Nf3 Nc6 3. d4 cxd4 4. Nxd4 e5 5. Nb5 d6 6. c4 Be7 7. N5c3 Nf6 8.
Be2 O-O 9. O-O Be6 10. Na3 Nd4 11. Nc2 Nxe2+ 12. Qxe2 Rc8 13. Ne3 Nd7 14. b3
Bg5 15. Ba3 Qa5 16. Bb2 Bxe3 17. Qxe3 Nb8 18. Rfd1 Rfd8 19. Nd5 Nc6 20. Qg3 Kh8
21. f4 f6 22. f5 Bxd5 23. Rxd5 Qb6+ 24. Qf2 Qxf2+ 25. Kxf2 Nb4 26. Rd2 Na6 27.
Rad1 Rc6 28. Ba3 Kg8 29. Rxd6 Rdxd6 30. Rxd6 Rc8 1-0

[Event "Lindores Abbey Tal Blitz 2021"]
[Site "Riga"]
[Date "2021.11.08"]
[Round "15.54"]
[White "Buksa, Nataliya"]
[Black "Batsiashvili, Nino"]
[Result "0-1"]
[WhiteElo "2410"]
[BlackElo "2491"]
[Annotator "ChessBase"]
[PlyCount "102"]
[EventDate "2021.11.02"]
[EventType "swiss"]
[EventCountry "LAT"]
[SourceTitle "playchess.com"]
[Source "ChessBase"]
[SourceQuality "1"]

1. d4 d5 2. Nc3 Nf6 3. Bf4 a6 4. e3 e6 5. Nf3 c5 6. Ne5 Nc6 7. Be2 Nxe5 8. Bxe5
Bd6 9. Bg3 O-O 10. O-O b5 11. dxc5 Bxc5 12. Bd3 Bb7 13. a4 b4 14. Ne2 a5 15. c3
Qb6 16. Qd2 Rfe8 17. Be5 Nd7 18. Bd4 e5 19. Bxc5 Nxc5 20. Bb5 Re6 21. Rad1 bxc3
22. Nxc3 Rd8 23. Ne2 Rg6 24. Ng3 d4 25. exd4 exd4 26. b4 axb4 27. Qxb4 Qd6 28.
Rfe1 h5 29. h4 Qd5 30. Bf1 d3 31. Re7 d2 32. Rxd2 Qxd2 33. Qxc5 Qd5 34. Qxd5
Bxd5 35. Nxh5 Bb3 36. a5 Rd1 37. Rc7 Rg4 38. a6 Bc4 39. Ng3 Rxg3 40. Rxc4 Ra3
41. Rc8+ Kh7 42. Rc7 Raa1 43. Rxf7 Rxf1+ 44. Kh2 Rxa6 45. f3 Ra2 46. Kg3 Rg1
47. h5 Raxg2+ 48. Kf4 Rh2 49. Rf5 Rgg2 50. Ra5 Rh4+ 51. Ke3 Rgh2 0-1

[Event "Lindores Abbey Tal Blitz 2021"]
[Site "Riga"]
[Date "2021.11.08"]
[Round "15.55"]
[White "Zawadzka, Jolanta"]
[Black "Vantika Agrawal"]
[Result "0-1"]
[WhiteElo "2429"]
[BlackElo "2329"]
[Annotator "TA"]
[PlyCount "104"]
[EventDate "2021.11.02"]
[EventType "swiss"]
[EventCountry "LAT"]
[SourceTitle "playchess.com"]
[Source "ChessBase"]
[SourceQuality "1"]

1. e4 c5 2. Nf3 d6 3. d4 cxd4 4. Nxd4 Nf6 5. f3 e5 6. Nb3 a5 7. Bb5+ Nbd7 8. a4
Be7 9. O-O O-O 10. Be3 Qc7 11. c4 b6 12. Nc3 Nc5 13. Nc1 Be6 14. N1e2 Rac8 15.
Ng3 g6 16. Rf2 h5 17. Rd2 h4 18. Nf1 Nh5 19. Nd5 Bxd5 20. Rxd5 Ne6 21. Rc1 Rfd8
22. Qe1 Nhf4 23. Qf2 Rb8 24. Rcd1 Nxd5 25. cxd5 Nc5 26. Nd2 Bf6 27. Nc4 Rdc8
28. Qd2 Qe7 29. Kh1 Nb3 30. Qf2 Nd4 31. Bxd4 exd4 32. Bc6 Kg7 33. Qc2 Be5 34.
Rf1 g5 35. Qd3 Qf6 36. Rd1 Qf4 37. Nxe5 dxe5 38. Kg1 Rd8 39. h3 Rbc8 40. Rd2
Rd6 41. Rc2 Rcd8 42. Kf2 Qg3+ 43. Kf1 g4 44. Rf2 gxh3 45. gxh3 Qxh3+ 46. Ke2
Rg6 47. Qb5 Rg2 48. Qxb6 Rxf2+ 49. Kxf2 Qh2+ 50. Ke1 Qg1+ 51. Kd2 Qe3+ 52. Kc2
d3+ 0-1

[Event "Lindores Abbey Tal Blitz 2021"]
[Site "Riga"]
[Date "2021.11.08"]
[Round "15.56"]
[White "Melia, Salome"]
[Black "Martynov, Aleksandr"]
[Result "1-0"]
[WhiteElo "2371"]
[BlackElo "1648"]
[Annotator "NA"]
[PlyCount "109"]
[EventDate "2021.11.02"]
[EventType "swiss"]
[EventCountry "LAT"]
[SourceTitle "playchess.com"]
[Source "ChessBase"]
[SourceQuality "1"]

1. e4 e6 2. d4 d5 3. Nd2 Nf6 4. e5 Nfd7 5. f4 c5 6. Ngf3 Nc6 7. c3 f6 8. exf6
Nxf6 9. Bd3 Bd6 10. g3 O-O 11. O-O Bd7 12. Kh1 cxd4 13. cxd4 Rc8 14. a3 Na5 15.
Nb1 b5 16. Nc3 a6 17. Qe2 Nb3 18. Rb1 Bxa3 19. bxa3 Rxc3 20. Bb2 Rc8 21. Ne5
Na5 22. Rbe1 Nc4 23. Bc1 Nxe5 24. dxe5 Ne4 25. Be3 Rc3 26. Bd4 Rc6 27. Kg1 Qc8
28. Qb2 Nc5 29. Bb1 Na4 30. Qd2 g6 31. h4 Rf7 32. Qd3 Nc5 33. Qe3 Rg7 34. Re2
Nb7 35. Rh2 Be8 36. g4 Nd8 37. f5 gxf5 38. Rg2 fxg4 39. Qf4 Bf7 40. Rxg4 Rc7
41. Rxg7+ Kxg7 42. Qg5+ Kf8 43. Bxh7 Ke8 44. Bg6 Rc2 45. Bxc2 Qxc2 46. Qg2 Qd3
47. Qf2 Qg6+ 48. Kh2 Qe4 49. Qf4 Qe2+ 50. Rf2 Qd1 51. Bc5 Qd3 52. Bb6 Qg6 53.
Bxd8 Qh5 54. Bg5 Qg6 55. Qf6 1-0

[Event "Lindores Abbey Tal Blitz 2021"]
[Site "Riga"]
[Date "2021.11.08"]
[Round "15.57"]
[White "Rogule, Laura"]
[Black "Arabidze, Meri"]
[Result "0-1"]
[WhiteElo "2289"]
[BlackElo "2441"]
[Annotator "NA"]
[PlyCount "98"]
[EventDate "2021.11.02"]
[EventType "swiss"]
[EventCountry "LAT"]
[SourceTitle "playchess.com"]
[Source "ChessBase"]
[SourceQuality "1"]

1. c4 e5 2. Nc3 Nc6 3. g3 g6 4. Bg2 Bg7 5. e4 d6 6. Nge2 h5 7. h4 Nf6 8. d3 Bg4
9. f3 Be6 10. Bg5 Qd7 11. Nd5 Nh7 12. Bd2 Ne7 13. Rc1 c6 14. Nxe7 Qxe7 15. b4
O-O 16. Be3 Rfd8 17. Qd2 d5 18. exd5 cxd5 19. c5 d4 20. Bf2 Nf6 21. O-O Nd5 22.
Rfe1 a5 23. b5 Rdc8 24. f4 Rxc5 25. fxe5 Rxc1 26. Rxc1 Bxe5 27. Nxd4 Rd8 28.
Nxe6 Qxe6 29. Qe2 Qd6 30. Kh2 Nf6 31. d4 Ng4+ 32. Kh1 Nxf2+ 33. Qxf2 Bxg3 34.
Qf3 Bxh4 35. Qxb7 Qxd4 36. Rf1 Bf6 37. Qf3 Kg7 38. Bh3 Rd5 39. a4 Rg5 40. Bg2
Rg4 41. Bh3 Rh4 42. Kg2 Re4 43. Rf2 Re3 44. Qc6 Qh4 45. Rf3 Re2+ 46. Kg1 Bd4+
47. Kh1 Qe1+ 48. Rf1 Qg3 49. Bg2 Qh4+ 0-1

[Event "Lindores Abbey Tal Blitz 2021"]
[Site "Riga"]
[Date "2021.11.08"]
[Round "15.58"]
[White "Eizaguerri Floris, Maria"]
[Black "Atalik, Ekaterina"]
[Result "1/2-1/2"]
[WhiteElo "2328"]
[BlackElo "2430"]
[Annotator "TA"]
[PlyCount "130"]
[EventDate "2021.11.02"]
[EventType "swiss"]
[EventCountry "LAT"]
[SourceTitle "playchess.com"]
[Source "ChessBase"]
[SourceQuality "1"]

1. e4 c6 2. d4 d5 3. e5 c5 4. dxc5 e6 5. a3 Nc6 6. Nf3 Bxc5 7. b4 Bb6 8. Bb2
Nge7 9. Bd3 Ng6 10. g3 O-O 11. O-O Bc7 12. Re1 a5 13. b5 Nb8 14. Nbd2 b6 15. c4
Bb7 16. Rc1 Nd7 17. cxd5 Bxd5 18. Be4 Nc5 19. Bxd5 Qxd5 20. Rc4 Rad8 21. Rd4
Qb7 22. Qe2 a4 23. h4 Ne7 24. Ng5 h6 25. Nge4 Nxe4 26. Nxe4 Nf5 27. Rxd8 Rxd8
28. Qc4 Qb8 29. Nd6 Bxd6 30. exd6 Qxd6 31. Qxa4 Qd2 32. Qb4 Qxb4 33. axb4 Rd5
34. Re5 Rd2 35. Bc3 Rc2 36. Be1 Rc1 37. Kg2 Kf8 38. h5 Ke7 39. g4 Nd4 40. Bd2
Rb1 41. Be3 Rxb4 42. Re4 Nc2 43. Rxb4 Nxb4 44. Bxb6 Nd5 45. Bd4 f6 46. Kf3 Kd6
47. Ke4 Ne7 48. Be3 f5+ 49. gxf5 Nxf5 50. Ba7 Ne7 51. Kd4 g6 52. hxg6 Nxg6 53.
Bb8+ Kd7 54. Kc5 Kc8 55. Bd6 Kb7 56. Bg3 h5 57. b6 h4 58. Bh2 e5 59. f3 Nf4 60.
Kd6 Nd3 61. Bg1 Ne1 62. Bf2 Nxf3 63. Kd5 h3 64. Bg3 Kxb6 65. Ke4 Nd2+ 1/2-1/2

[Event "Lindores Abbey Tal Blitz 2021"]
[Site "Riga"]
[Date "2021.11.08"]
[Round "15.59"]
[White "Golsta, Madara"]
[Black "Bivol, Alina"]
[Result "1-0"]
[WhiteElo "2003"]
[BlackElo "2377"]
[Annotator "NA"]
[PlyCount "51"]
[EventDate "2021.11.02"]
[EventType "swiss"]
[EventCountry "LAT"]
[SourceTitle "playchess.com"]
[Source "ChessBase"]
[SourceQuality "1"]

1. e4 e6 2. d4 d5 3. Nc3 Bb4 4. e5 c5 5. Bd2 Nh6 6. a3 Bxc3 7. bxc3 Nf5 8. Bd3
Nc6 9. Bxf5 exf5 10. Ne2 f6 11. exf6 Qxf6 12. dxc5 O-O 13. O-O Be6 14. Bf4 Rfe8
15. Rb1 Re7 16. Nd4 Bf7 17. Bd6 Rd7 18. Re1 Na5 19. Qf3 g6 20. Be5 Qd8 21. Nb5
b6 22. cxb6 axb6 23. Qh3 Nc4 24. Bd4 Qf8 25. Qh4 Re8 26. Qf6 1-0